| 000 | 00554nam a2200169Ia 4500 | ||
|---|---|---|---|
| 008 | 090201s9999 xx 000 0 und d | ||
| 010 | _aKPL-21689 | ||
| 040 | _bमराठी | ||
| 041 | _aमराठी | ||
| 082 |
_a16723 _b21689 |
||
| 100 | _aअर्जून डांगळे | ||
| 245 |
_aछावणी हलते आहे _cअर्जून डांगळे |
||
| 260 |
_c2004 _bकर्मवीर प्रकाशन |
||
| 300 |
_a48 _bमोठा |
||
| 600 | _aछावणी हलते आहे | ||
| 942 | _cBOOK | ||
| 999 |
_c216733 _d216733 |
||